LEADER 01574nam a2200289 i 4500 001 991000968459707536 005 20040322123903.0 008 990120s1599 it ||| | ita 035 $ab12697631-39ule_inst 035 $aAUNI000640$9ExL 040 $aBiblioteca Interfacoltà$bita 100 1 $aAmmirato, Scipione$d<1531-1601>$0192121 245 10$aDiscorsi del signor Scipione Ammirato, sopra Cornelio Tacito :$bne i quali si contiene il fiore di tutto quello che si troua sparto ne' libri delle attioni de' principi, & del buono, o cattiuo loro gouerno ... :$bCon due tauole. Vna de' discorsi, e luoghi di Cornelio, sopra i quali son fondati; l'altra delle cose piu notabili 260 $aIn Brescia :$bappresso la Compagnia Bresciana,$c1599 269 $aBrescia :$bCompagnia Bresciana,$c1599 300 $a[24], 564, [32] p. ;$c4? (19 cm) 500 $aSegnatura: +8 ++4 A-Z8 Aa-Nn8 Oo10 500 $aCar. rom. e cors., fregi e capilettera 510 $aSBN-ICCU 001414 907 $a.b12697631$b02-04-14$c23-03-04 912 $a991000968459707536 945 $aLE002A MD-AMM01.01$cAll'interno alcune note mss.; macchie di umido. - Esemplare parzialmente digitalizzato$g1$iLE002A-26417$lle002$o-$pE0.00$q-$rn$so $t0$u0$v0$w0$x0$y.i13213465$z23-03-04 962 $a000:001:JPEG:b1269763:000640:0:0:0:0:0:0$tFrontespizio (c. +1r)$vy 962 $a000:001:JPEG:b1269763:000641:0:0:0:0:0:0$tc. A1r$vy 996 $aDiscorsi del signor Scipione Ammirato sopra Cornelio Tacito$9272332 997 $aUNISALENTO 998 $ale002$b23-03-04$cm$da $eo$fita$git $h0$i1 LEADER 03333nam 22005055 450 001 9910154747003321 005 20190708092533.0 010 $a1-4008-8218-4 024 7 $a10.1515/9781400882182 035 $a(CKB)3710000000627785 035 $a(MiAaPQ)EBC4738679 035 $a(DE-B1597)467960 035 $a(OCoLC)979728852 035 $a(DE-B1597)9781400882182 035 $a(Perlego)736224 035 $a(EXLCZ)993710000000627785 100 $a20190708d2016 fg 101 0 $aeng 135 $aurcnu|||||||| 181 $2rdacontent 182 $2rdamedia 183 $2rdacarrier 200 10$aContributions to the Theory of Partial Differential Equations. (AM-33), Volume 33 /$fLipman Bers, Fritz John, Salomon Trust 210 1$aPrinceton, NJ : $cPrinceton University Press, $d[2016] 210 4$d©1955 215 $a1 online resource (268 pages) 225 0 $aAnnals of Mathematics Studies ;$v280 300 $a"Papers ... read at the Conference on Partial Differential Equations, sponsored by the National Academy of Sciences, National Research Council, October 1952." 311 08$a0-691-09584-1 320 $aIncludes bibliographies. 327 $tFrontmatter -- $tForeword -- $tContents -- $tI. Green's Formula and Analytic Continuation / $rBochner, S. -- $tII. Strongly Elliptic Systems of Differential Equations / $rBrowder, F. E. -- $tIII. Derivatives of Solutions of Linear Elliptic Partial Differential Equations / $rJohn, F. -- $tIV. On Multivalued Solutions of Linear Partial Differential Equations / $rBergman, S. -- $tV. Function-Theoretical Properties of Solutions of Partial Differential Equations of Elliptic Type / $rBers, L. -- $tVI. On a Generalization of Quasi-Conformal Mappings and its Application to Elliptic Partial Differential Equations / $rNirenberg, L. -- $tVII. Second Order Elliptic Systems of Differential Equations / $rMorrey, C. B. -- $tVIII. Conservation Laws of Certain Systems of Partial Differential Equations and Associated Mappings / $rLoewner, C. -- $tIX. Parabolic Equations / $rLax, P. D. / Milgram, A. N. -- $tX. Linear Equations of Parabolic Type with Constant Coefficients / $rRosenbloom, P. C. -- $tXI. On Linear Hyperbolic Differential Equations with Variable Coefficients on a Vector Space / $rLeray, J. -- $tXII. The Initial Value Problem for Nonlinear Hyperbolic Equations in Two Independent Variables / $rLax, P. D. -- $tXIII. A Geometric Treatment of Linear Hyperbolic Equations of Second Order / $rDouglis, A. -- $tXIV. On Cauchy's Problem and Fundamental Solutions / $rDiaz, J. B. -- $tXV. A Boundary Value Problem for the Wave Equation and Mean Value Theorems / $rProtter, M. H. -- $tBackmatter 330 $aThe description for this book, Contributions to the Theory of Partial Differential Equations. (AM-33), Volume 33, will be forthcoming. 410 0$aAnnals of mathematics studies ;$vno. 33. 606 $aDifferential equations, Partial 615 0$aDifferential equations, Partial. 676 $a517.38 700 $aBers$b Lipman, $044849 702 $aJohn$b Fritz, 702 $aTrust$b Salomon, 801 0$bDE-B1597 801 1$bDE-B1597 906 $aBOOK 912 $a9910154747003321 996 $aContributions to the Theory of Partial Differential Equations. (AM-33), Volume 33$92787596 997 $aUNINA